| 000 | 00548nam a2200181Ia 4500 | ||
|---|---|---|---|
| 008 | 100917s9999 xx 000 0 und d | ||
| 082 | _b2913 | ||
| 100 | _aखेडकर विष्णु बाळकृष्ण | ||
| 245 | _aनित्यचक्र स्मरणी | ||
| 260 |
_b--- _c1915 |
||
| 300 | _a119 | ||
| 365 | _b0.25 | ||
| 520 | _aकविता | ||
| 630 | _aनित्यचक्र स्मरणी | ||
| 650 | _aकविता | ||
| 730 | _aनित्यचक्र स्मरणी | ||
| 942 | _cBOOK | ||
| 999 |
_c608307 _d608304 |
||